[Event "IECC M email"]
[Site "IECC email"]
[Date "2002.02.23"]
[Round "?"]
[White "Sederov, Alexander"]
[Black "Zamora, Sammy"]
[Result "1/2-1/2"]
[WhiteElo "1800"]
[BlackElo "1784"]
[PlyCount "23"]
[EventDate "2002.??.??"]
[EventType "tourn (corr)"]
[EventRounds "6"]
[SourceTitle "Corr 2008"]
[Source "ChessBase"]
[SourceDate "2008.06.24"]
[SourceVersion "1"]
[SourceVersionDate "2008.06.24"]
[SourceQuality "1"]

1. c4 Nf6 2. Nf3 e6 3. d4 Bb4+ 4. Nbd2 d6 5. a3 Bxd2+ 6. Qxd2 0-0 7. b4 Nbd7 8. Bb2 Ne4 9. Qc2 f5 10. g3 b6 11. Bg2 Bb7 12. 0-0 1/2-1/2